Volejbal učebné texty pre školenie trénerov I. stupňa

Bibliographic Details
Main Authors: Zapletalová, Ludmila (Author), Přidal, Vladimír, 1958- (Author), Tokár, Ján, 1946-2009 (Author)
Format: Book
Language:Slovak
PhysicalDescription:171 s. sch., tab. 21 cm
Published: Bratislava Slovenská federácia volejbalu 2005
ISBN:8089197221
Edition:2. vyd.
Subjects:

MARC

LEADER 00000nam a2200000 a 4500
001 vtls008633221
003 SK-MaSNL
005 20260302075025.0
008 240315s2005 xo l d p 000 0 slo
015 |a SNBA2006/05-02422 
020 |a 8089197221  |q (brož.) 
035 |a D5F9BF06-DD7C-4BF8-BC4E-3602126157A2 
035 |a urn:nbn:sk:snk-aml7sj 
035 |a urn:nbn:sk:snk-am008t9q 
040 |a SNK  |b slo  |c SNK  |e AACR2 
041 0 |a slo 
044 |a xo  |c SK 
072 7 |a 796  |x Šport. Hry. Telesné cvičenia  |2 konspekt 
080 |a 796.015  |2 2001 
080 |a (075.8)  |2 2001 
080 |a 796.325  |2 2001 
100 1 |a Zapletalová, Ludmila  |4 aut  |9 267132 
245 1 0 |a Volejbal  |b učebné texty pre školenie trénerov I. stupňa  |c Ludmila Zapletalová, Vladimír Přidal, Ján Tokár 
250 |a 2. vyd. 
260 |a Bratislava  |b Slovenská federácia volejbalu  |c 2005 
300 |a 171 s.  |b sch., tab.  |c 21 cm 
650 0 7 |a volejbal  |2 SNKPH  |9 3294 
650 0 7 |a športový tréning  |2 SNKPH  |9 163263 
655 7 |a učebnice vysokých škôl  |2 SNKPH  |9 70191 
700 1 |a Přidal, Vladimír,  |d 1958-  |4 aut  |9 249133 
700 1 |a Tokár, Ján,  |d 1946-2009  |4 aut  |9 242980 
919 |a 80-89197-22-1 
958 |a OND 
999 |c 1167516  |d 1169446 
952 |a SNK  |b SNK  |y PREZ  |7 0  |p 17A0503238  |o snkSC 123159  |i snk2006/6056  |8 0  |0 0  |1 0  |4 0  |d 2006-03-21  |f 1  |l 0  |r 2025-06-04 00:00:00  |w 2026-02-24 
952 |a SNK  |b SNK  |y VYP  |7 0  |p 17A0503239  |o snkSC 123159 D1  |i snk2006/6058  |8 0  |0 0  |1 0  |4 0  |d 2006-03-21  |l 0  |r 2026-02-24 20:53:08  |w 2026-02-24